Derecho penal : (Registro nro. 147467)
[ vista simple ]
| 000 -LEADER | |
|---|---|
| fixed length control field | 01052cam a2200217 4500 |
| 008 - FIXED-LENGTH DATA ELEMENTS--GENERAL INFORMATION | |
| fixed length control field | 081124s2006 ag 000 0 spa u |
| 020 ## - INTERNATIONAL STANDARD BOOK NUMBER | |
| International Standard Book Number | 9505087306 |
| 050 04 - LIBRARY OF CONGRESS CALL NUMBER | |
| Classification number | KK8130 |
| Item number | N38 2006 |
| 100 1# - MAIN ENTRY--PERSONAL NAME | |
| Personal name | Naucke, Wolfgang |
| 245 10 - TITLE STATEMENT | |
| Title | Derecho penal : |
| Remainder of title | una introducción / |
| Statement of responsibility, etc | Wolfgang Naucke ; traducción de la 10ª edición alemana por Leonardo Germán Brond. |
| 250 ## - EDITION STATEMENT | |
| Edition statement | 1a. ed. |
| 260 ## - PUBLICATION, DISTRIBUTION, ETC. (IMPRINT) | |
| Place of publication, distribution, etc | Buenos Aires, Argentina : |
| Name of publisher, distributor, etc | Astrea de Alfredo y Ricardo Depalma, |
| Date of publication, distribution, etc | 2006 |
| 300 ## - PHYSICAL DESCRIPTION | |
| Extent | xxiv, 437 páginas ; |
| Dimensions | 23 cm. |
| 500 ## - GENERAL NOTE | |
| General note | Título original en alemán : Strafrecht. Eine Einführung |
| 504 ## - BIBLIOGRAPHY, ETC. NOTE | |
| Bibliography, etc | Incluye bibliografías e índice alfabético |
| 505 00 - FORMATTED CONTENTS NOTE | |
| Formatted contents note | Contenido : Claves para resolver causas penales. Subsunción. Racionalización de la ley mediante la teoría del delito. Aspectos procesales. Límites constitucionales. Teoría de la pena. Terrorismo internacional. Criminología. Jurisprudencia. |
| 506 ## - RESTRICTIONS ON ACCESS NOTE | |
| Terms governing access | Pifi 2006 |
| 650 #7 - SUBJECT ADDED ENTRY--TOPICAL TERM | |
| Topical term or geographic name as entry element | Derecho penal |
| Geographic subdivision | Argentina |
| Source of heading or term | Lemb |
| 700 1# - ADDED ENTRY--PERSONAL NAME | |
| Personal name | Germán Brond, Leonardo, |
| Relator term | traducción |
| 942 ## - ADDED ENTRY ELEMENTS (KOHA) | |
| Source of classification or shelving scheme | Biblioteca del Cogreso de los Estados Unidos |
| Koha item type | Libro |
| Estado de pérdida | Fuente de clasificación | Estado del daño | No para préstamo | Ubicación permanente | Ubicación actual | Apartado o colección | Fecha de adquisición | Edición | Dependencia de educación superior (DES) | Área del conocimiento | Total Checkouts | Clasificación | Código de Barras | Date last seen | Número de copia | Costo por reposición | Tipo de recurso |
|---|---|---|---|---|---|---|---|---|---|---|---|---|---|---|---|---|---|
| Biblioteca del Cogreso de los Estados Unidos | Biblioteca de la Facultad de Derecho y Ciencias Sociales "Felipe J. Tena" | Biblioteca de la Facultad de Derecho y Ciencias Sociales "Felipe J. Tena" | General | 29/04/2022 | 1a ed. | Derecho | Ciencias Sociales y Administrativas | KK8130 N38 2006 | BFD000013124 | 29/04/2022 | 1 | 1.00 | Libro |